Harry Potter Surname Match II Quiz Stats

 Plays Quiz Updated Dec 10, 2015

Challenge
Share
Tweet
Embed
Score 0/40 Timer 04:00
11 Plays Today
% Correct
Dursley
91.7%
Lovegood
87.8%
Parkinson
87.6%
Wood
86.2%
Potter
84.8%
Bell
83.1%
Shunpike
81.9%
McLaggen
79.4%
Finch-Fletchley
79.3%
Gaunt
78.8%
Clearwater
78.3%
Maxime
77.8%
Delacour
76.3%
Johnson
76.2%
Carrow
74.2%
Smith
73.8%
Zabini
73.5%
Diggle
72.4%
Pomfrey
71.7%
Burbage
70.8%
% Correct
Bones
69.9%
Spinnet
69.3%
Dumbledore
65.9%
Fortescue
65.9%
Smith
65.6%
Jorkins
64%
Hopkirk
63.4%
Edgecombe
58.7%
Polkiss
56.8%
Lestrange
55.9%
Cresswell
54.8%
Podmore
54.4%
Bode
51.1%
Vance
50.9%
Binns
50.8%
Jones
50.1%
Goldstein
49.2%
Hooch
47.5%
Macnair
46.4%
Twycross
46.2%

You're not logged in!

Compare scores with friends on all Sporcle quizzes.
OR
Log In

You Might Also Like...

Show Comments

Extras

Top Quizzes Today


Score Distribution

Your Account Isn't Verified!

In order to create a playlist on Sporcle, you need to verify the email address you used during registration. Go to your Sporcle Settings to finish the process.

Report this User

Report this user for behavior that violates our Community Guidelines.

Details: